Advanced English Grammer (Record no. 3709)

MARC details
000 -LEADER
fixed length control field 00403nam a22001697a 4500
005 - DATE AND TIME OF LATEST TRANSACTION
control field 20160623155250.0
008 - FIXED-LENGTH DATA ELEMENTS--GENERAL INFORMATION
fixed length control field 160623b xxu||||| |||| 00| 0 eng d
020 ## - INTERNATIONAL STANDARD BOOK NUMBER
ISBN 978-81-7596-067-1
041 ## - LANGUAGE CODE
Language code of text/sound track or separate title eng
082 ## - DEWEY DECIMAL CLASSIFICATION NUMBER
Item number 9634
100 ## - MAIN ENTRY--AUTHOR NAME
Personal name Hewings, Martin
245 ## - TITLE STATEMENT
Title Advanced English Grammer
260 ## - PUBLICATION, DISTRIBUTION, ETC. (IMPRINT)
Name of publisher combridge Uni. Press
Year of publication 2009
300 ## - PHYSICAL DESCRIPTION
Number of Pages 288
650 ## - SUBJECT ADDED ENTRY--TOPICAL TERM
Topical Term Management
942 ## - ADDED ENTRY ELEMENTS (KOHA)
Koha item type Books
Holdings
Lost status Damaged status Collection code Home library Current library Shelving location Date acquired Cost, normal purchase price Full call number Accession Number Koha item type
    ENGLISH JRU Library JRU Library SHELF-102-B 23/06/2016 135.00 9634 9634 Books
    ENGLISH JRU Library JRU Library SHELF-102-B 23/06/2016 135.00 9634 9635 Books
    ENGLISH JRU Library JRU Library SHELF-102-B 23/06/2016 135.00 9634 9636 Books
    ENGLISH JRU Library JRU Library SHELF-102-B 23/06/2016 135.00 9634 9637 Books
    ENGLISH JRU Library JRU Library SHELF-102-B 23/06/2016 135.00 9634 9638 Books
    ENGLISH JRU Library JRU Library SHELF-102-B 23/06/2016 135.00 9634 9639 Books
    ENGLISH JRU Library JRU Library SHELF-102-B 23/06/2016 135.00 9634 9640 Books
    ENGLISH JRU Library JRU Library SHELF-102-B 23/06/2016 135.00 9634 9641 Books
Lost     JRU Library JRU Library   23/06/2016 135.00 9634 9642 Books
    ENGLISH JRU Library JRU Library SHELF-102-B 23/06/2016 135.00 9634 9643 Books